| 000 | 01269nam a2200277Ia 4500 | ||
|---|---|---|---|
| 003 | PE SENCICO BE | ||
| 005 | 20251020182426.0 | ||
| 008 | 200515s9999 xx 000 0 und d | ||
| 020 | _a978-987-1305-66-7 | ||
| 040 |
_cPE SENCICO BE _aPE SENCICO BE |
||
| 041 | _aspa | ||
| 082 |
_a025.218 _bA31 |
||
| 100 | 1 |
_aAguado de Costa, Amelia _92237 _eautor |
|
| 245 | 1 | 0 |
_aGestión de colecciones / _cAmelia Aguado de Costa |
| 250 | _a1a ed. | ||
| 260 |
_aBuenos Aires : _bAlfagrama ; _c2011 |
||
| 300 |
_a154 p. : _btbl. : _c22 cm. |
||
| 490 | _aBiblioteca Alfagrama | ||
| 505 | 0 | _aPolíticas de gestión de colecciones -- Selección de materiales documentales -- Adquisición de materiales documentales -- Evaluación de colecciones -- Preservar, conservar, relegar, descartar. | |
| 520 | 3 | _aSeñala como el desarrollo y la gestión de la colección necesitan de una constante adaptación a un entorno de cambio incesante en la orientación del conocimiento, en la disponibilidad de soportes de información y, sobre todo, en las demandas de los usuarios. | |
| 650 | 1 | 0 |
_aAdministración de bibliotecas _91549 |
| 650 | 2 | 0 |
_aDesarrollo de colecciones _91539 |
| 650 | 2 | 0 |
_aBibliotecología _92217 |
| 650 | 2 | 0 |
_aEvaluación de colecciones _91538 |
| 942 |
_cLIB _2ddc |
||
| 999 |
_c104 _d104 |
||